Wir Schöpfer
I tiakina i:
| Kaituhi matua: | |
|---|---|
| Hōputu: | Pukapuka |
| Reo: | Tiamana |
| I whakaputaina: |
Bayreuth
Aristarch
1982
|
| Ngā marau: | |
| Ngā Tūtohu: |
Tāpirihia he Tūtohu
Kāore He Tūtohu, Me noho koe te mea tuatahi ki te tūtohu i tēnei pūkete!
|
MARC
| LEADER | 00000nam a2200000 a 4500 | ||
|---|---|---|---|
| 001 | UCZ4529 | ||
| 003 | CL-VaPUC | ||
| 008 | 951110e19820000GW |||||||||||||||||ger|d | ||
| 082 | 0 | 4 | |a 128.1 |b MOS |2 21 |
| 100 | |a Moser, Ernst |e verfasser |9 349735 | ||
| 245 | 1 | 0 | |a Wir Schöpfer |
| 300 | |a 389 p | ||
| 942 | |c BK | ||
| 945 | |d 19951110 00:00:00 |a cmena | ||
| 260 | |a Bayreuth |b Aristarch |c 1982 | ||
| 600 | 0 | |a Dios |9 314467 | |
| 650 | 0 | |a Antropología |9 233030 | |
| 650 | 0 | |a Filosofía del espíritu |9 320175 | |
| 650 | 0 | |a Filosofía alemana |9 265002 | |
| 650 | 7 | |a HOMBRE |2 CL-VaPUC |9 262149 | |
| 650 | 0 | |a Naturaleza humana |9 308593 | |
| 650 | 0 | |a Teología |9 258766 | |
| 583 | |a last modification |c 20130320 11:39:23 |k Rodrigo Vera | ||
| 999 | |c 240901 |d 240899 | ||
| 952 | |0 0 |1 0 |4 0 |6 128_100000000000000_MOS_1982 |7 0 |8 P |9 253021 |a BIBEDU |b BIBEDU |c BIBEDU_PB |d 2019-11-19 |i 1598937 |o 128.1 MOS 1982 |p 1598937 |r 2024-01-25 |w 2019-11-19 |y BK |k FIL | ||